Statistics for WWEFan619's Dream Formula 1 Grid

Click here to take the quiz!

General Stats

  • This quiz has been taken 35 times
  • The average score is 19 of 20

Answer Stats

TeamDriver DescriptionDriver NumberAnswer% Correct
McLarenFrench driver, 4-time World
Champion(1985-86, 1989, 1993)
9Alain Prost
100%
McLarenBrazilian driver, 3-time World
Champion(1988, 1990-91)
1Ayrton Senna
100%
JordanMonegasque driver, 5 wins
(2018-present)
16Charles Leclerc
100%
RenaultSpanish driver, 2-time World
Champion(2005-06)
14Fernando Alonso
100%
FerrariFinnish driver, 2007 World
Champion
7Kimi Raikkonen
100%
Red BullDutch driver, 2-time World
Champion(2021-22)
33Max Verstappen
100%
FerrariGerman driver, 7-time World
Champion(1994-95, 2000-04)
3Michael Schumacher
100%
MercedesGerman driver, 2016 World
Champion
6Nico Rosberg
100%
Red BullGerman driver, 4-time World
Champion(2010-13)
5Sebastian Vettel
100%
RenaultRussian Driver, 3 podiums
(2014-17, 2019-20)
26Daniil Kvyat
96%
BMW-SauberBritish driver, 2009 World
Champion
22Jenson Button
96%
Alfa RomeoArgentine driver, 5-time World
Champion(1951, 1954-57)
11Juan Manuel Fangio
96%
LotusAmerican driver, 1978 World
Champion
12Mario Andretti
96%
BMW-SauberPolish driver, single win at
the 2008 Canadian Grand Prix
88Robert Kubica
96%
LotusBritish driver, 2-time World
Champion(1963, 1965)
13Jim Clark
93%
WilliamsCanadian driver, 9 career points,
also certified memelord
6Nicholas Latifi
93%
WilliamsBritish driver, 1992 World
Champion
27Nigel Mansell
93%
MercedesFrench driver, 10 podiums
(2009, 2012-20)
8Romain Grosjean
93%
Alfa RomeoChinese driver, fastest lap at
Japan 2022
24Zhou Guanyu
93%
JordanGerman driver, 3 wins
(1994-2003)
9Heinz-Harald Frentzen
57%

Score Distribution

Percentile by Number Answered

Percent of People with Each Score

Your Score History

You have not taken this quiz